|
|
|
|
| LEADER |
00000nam0a2200000 4500 |
| 001 |
16012 |
| 005 |
20241211174113.0 |
| 035 |
|
|
|a (RuTPU)RU\TPU\book\16132
|
| 035 |
|
|
|a BOOK00000820
|
| 090 |
|
|
|a 16012
|
| 100 |
|
|
|a 20011209d1979 m y0rusy50 ca
|
| 101 |
0 |
|
|a rus
|
| 102 |
|
|
|a RU
|
| 105 |
|
|
|a y j 000zy
|
| 200 |
0 |
|
|a Ч. 1 : С древнейших времен до 1861 года
|
| 210 |
|
|
|d 1979
|
| 215 |
|
|
|a 607 с.
|
| 461 |
|
|
|t История СССР
|o учебник
|v Ч. 1 : С древнейших времен до 1861 года
|f под ред. В. В. Мавродина
|d 1979
|
| 606 |
|
|
|a Россия
|x История
|9 81526
|
| 610 |
1 |
|
|a СССР
|
| 610 |
1 |
|
|a первобытнообщинный строй
|
| 610 |
1 |
|
|a учебные пособия
|
| 610 |
1 |
|
|a рабовладельческий строй
|
| 610 |
1 |
|
|a капитализм
|
| 610 |
1 |
|
|a феодализм
|
| 686 |
|
|
|a Т3(2)я73
|2 rubbk
|
| 801 |
|
0 |
|a RU
|b 63413507
|c 20011209
|g PSBO
|
| 801 |
|
2 |
|a RU
|b 63413507
|c 20120705
|g PSBO
|
| 942 |
|
|
|c BK
|